[Event "BCF-ch Atkins op"]
[Site "Coventry"]
[Date "2015.08.01"]
[Round "2"]
[White "Tan, Ken Wei"]
[Black "Barr, Gabriel"]
[Result "1-0"]
[WhiteElo "2019"]
[BlackElo "1845"]
[PlyCount "69"]
[EventDate "2015.07.31"]
[EventType "swiss"]
[EventRounds "5"]
[EventCountry "ENG"]
[SourceTitle "CBM 167 Extra"]
[Source "ChessBase"]
[SourceDate "2015.09.14"]
[SourceVersion "1"]
[SourceVersionDate "2015.09.14"]
[SourceQuality "1"]

1. e4 c5 2. Nf3 d6 3. d4 cxd4 4. Nxd4 Nf6 5. Nc3 a6 6. Bg5 e5 7. Bxf6 Qxf6 8. Nd5 Qd8 9. Nf5 Bxf5 10. exf5 Nd7 11. Bc4 Rc8 12. Bb3 Rc5 13. Qf3 Nb6 14. 0-0-0 Nxd5 15. Rxd5 Qc7 16. g4 Be7 17. h4 h6 18. Kb1 0-0 19. g5 hxg5 20. hxg5 Bxg5 21. Qh5 Bh6 22. f6 Rc8 23. Rxc5 dxc5 24. Rg1 Kf8 25. fxg7+ Bxg7 26. Qh7 c4 27. Qxg7+ Ke7 28. Re1 Ke6 29. Bxc4+ Qxc4 30. Qxe5+ Kd7 31. Rd1+ Kc6 32. Rd6+ Kc7 33. Rd4+ Kb6 34. Rxc4 Rxc4 35. c3 1-0

[Event "BCF-chT3 0809 (4NCL)"]
[Site "Hinckley Island"]
[Date "2009.05.04"]
[Round "11.5"]
[White "Griffiths, Hywel"]
[Black "Barr, Gabriel"]
[Result "1-0"]
[WhiteElo "1810"]
[BlackElo "1820"]
[PlyCount "143"]
[EventDate "2008.10.18"]
[EventType "team-swiss"]
[EventRounds "11"]
[EventCountry "ENG"]
[SourceTitle "EXT 2010"]
[Source "ChessBase"]
[SourceDate "2010.11.25"]
[SourceVersion "1"]
[SourceVersionDate "2010.11.25"]
[SourceQuality "1"]
[WhiteTeam "WOB"]
[BlackTeam "Mindsports"]
[WhiteTeamCountry "ENG"]
[BlackTeamCountry "ENG"]

1. d4 f5 2. c4 g6 3. Nc3 Nf6 4. Nf3 d6 5. Bg5 Bg7 6. e3 Nc6 7. Bd3 0-0 8. 0-0 a6 9. a4 Qe8 10. e4 fxe4 11. Nxe4 Nxe4 12. Bxe4 e5 13. d5 Ne7 14. Qd2 Bf5 15. Rfe1 Qd7 16. b4 Bxe4 17. Rxe4 Rae8 18. Ra3 Nf5 19. Be3 Nxe3 20. Qxe3 Rf5 21. Nd4 Rf4 22. Ne6 Rxe4 23. Qxe4 c5 24. bxc5 dxc5 25. h4 b6 26. h5 Rxe6 27. dxe6 Qxe6 28. hxg6 hxg6 29. Qa8+ Bf8 30. Rf3 Qd6 31. Qb7 Be7 32. Qc8+ Kg7 33. Rh3 Bf8 34. Qg4 Be7 35. Qe4 Qd4 36. Qe2 Bf6 37. Qc2 Qf4 38. Rf3 Qd4 39. Rd3 Qg4 40. Qd2 Be7 41. Rd7 Qe6 42. Rb7 Kf6 43. Qb2 Bd8 44. f4 Qd6 45. fxe5+ Qxe5 46. Qf2+ Qf5 47. Qh4+ Qg5 48. Qh8+ Kf5 49. Rf7+ Bf6 50. Qh3+ Ke5 51. Qa3 Ke6 52. Rb7 Bd4+ 53. Kh1 Ke5 54. Rh7 Qf4 55. Qd3 Qc1+ 56. Kh2 Bg1+ 57. Kh3 Qe3+ 58. Qxe3+ Bxe3 59. Rb7 Kd4 60. Rxb6 a5 61. Rxg6 Kxc4 62. Rb6 Bg5 63. Kg4 Bd8 64. Rb5 Kd5 65. Kf5 Kd6 66. g4 c4 67. Ke4 Bf6 68. Rxa5 c3 69. Kd3 Kc7 70. Rc5+ Kb6 71. Rxc3 Bxc3 72. Kxc3 1-0

[Event "BCF-chT3 0809 (4NCL)"]
[Site "Hinckley Island"]
[Date "2009.03.21"]
[Round "7.5"]
[White "Truman, Richard G"]
[Black "Barr, Gabriel"]
[Result "1/2-1/2"]
[WhiteElo "2028"]
[BlackElo "1820"]
[PlyCount "54"]
[EventDate "2008.10.18"]
[EventType "team-swiss"]
[EventRounds "11"]
[EventCountry "ENG"]
[SourceTitle "EXT 2010"]
[Source "ChessBase"]
[SourceDate "2010.11.25"]
[SourceVersion "1"]
[SourceVersionDate "2010.11.25"]
[SourceQuality "1"]
[WhiteTeam "Nottinghamshire"]
[BlackTeam "Mindsports"]
[WhiteTeamCountry "ENG"]
[BlackTeamCountry "ENG"]

1. d4 f5 2. Bg5 h6 3. Bh4 g5 4. Bg3 Nf6 5. e3 d6 6. h4 g4 7. Bc4 d5 8. Bd3 Nc6 9. c3 e6 10. Ne2 Nh5 11. Qc2 Bd6 12. Bxd6 cxd6 13. Nd2 a6 14. f3 Rg8 15. 0-0-0 b5 16. e4 dxe4 17. fxe4 Qf6 18. exf5 exf5 19. Rdf1 Ne7 20. Nf4 Ng3 21. Re1 Nxh1 22. Nd5 Qxh4 23. Rxe7+ Qxe7 24. Nxe7 Kxe7 25. Bxf5 Ng3 26. Bh7 Rf8 27. Qd3 Bf5 1/2-1/2

[Event "BCF-chT3 0607 (4NCL)"]
[Site "Sunningdale"]
[Date "2007.05.06"]
[Round "10.8"]
[White "Barr, Gabriel"]
[Black "Van Kemenade, Julie"]
[Result "1-0"]
[WhiteElo "1695"]
[BlackElo "1925"]
[PlyCount "51"]
[EventDate "2006.09.16"]
[EventType "team"]
[EventRounds "11"]
[EventCountry "ENG"]
[SourceTitle "EXT 2008"]
[Source "ChessBase"]
[SourceDate "2007.11.25"]
[SourceVersion "1"]
[SourceVersionDate "2007.11.25"]
[SourceQuality "1"]
[WhiteTeam "Mindsports"]
[BlackTeam "SW Dragons II"]
[WhiteTeamCountry "ENG"]
[BlackTeamCountry "ENG"]

1. d4 d6 2. c4 g6 3. Nf3 Bg7 4. Nc3 Nf6 5. e4 0-0 6. Be2 Nbd7 7. 0-0 e5 8. d5 Ne8 9. Ne1 f5 10. exf5 gxf5 11. f4 e4 12. Be3 Ndf6 13. Nc2 Ng4 14. Bxg4 fxg4 15. Nd4 Nf6 16. f5 Qe8 17. Ncb5 Rf7 18. Ne6 Bxe6 19. fxe6 Re7 20. Nd4 Qg6 21. Nf5 Rae8 22. Bd4 h5 23. Nxg7 Rxg7 24. Rxf6 Qg5 25. Qf1 Qd2 26. Rd1 1-0